| 000 | 00414nam a2200157 a 4500 | ||
|---|---|---|---|
| 005 | 20140412111421.0 | ||
| 008 | 080105s19uu xx 00 eng d | ||
| 020 | _a0-439-97937-4 | ||
| 050 |
_aTR(PS E _bEl6 2002 |
||
| 100 | _aBedford, David, 1969- | ||
| 245 |
_aElla's games / _cDavid Bedford. |
||
| 260 |
_aLondon : _bScholastic Inc, _c2002. |
||
| 300 | _aunpaged | ||
| 650 |
_aPlay _xfiction |
||
| 999 |
_c106018 _d106018 |
||